Nutrient management in rubber seedling nursery: Effect of inorganic and biofertilizers (Record no. 48668)

MARC details
000 -LEADER
fixed length control field 00534nam a2200169Ia 4500
100 ## - MAIN ENTRY--AUTHOR NAME
Personal name Syamala V.K
245 #0 - TITLE STATEMENT
Title Nutrient management in rubber seedling nursery: Effect of inorganic and biofertilizers
260 ## - PUBLICATION, DISTRIBUTION, ETC. (IMPRINT)
Name of publisher PLACROSYM XX, 12-15 December 2012, UPASI Tea Research Foundation, Coimbatore, India, Abstracts, p. 85.
650 ## - SUBJECT ADDED ENTRY--TOPICAL TERM
Topical Term Buddability
650 ## - SUBJECT ADDED ENTRY--TOPICAL TERM
Topical Term PGPR
650 ## - SUBJECT ADDED ENTRY--TOPICAL TERM
Topical Term Rubber seedling
700 ## - ADDED ENTRY--PERSONAL NAME
Personal name George S
700 ## - ADDED ENTRY--PERSONAL NAME
Personal name Jessy M.D
700 ## - ADDED ENTRY--PERSONAL NAME
Personal name Joseph K
942 ## - ADDED ENTRY ELEMENTS (KOHA)
Koha item type Bibliography STAF
Holdings
Withdrawn status Lost status Damaged status Not for loan Home library Current library Shelving location Date acquired Koha item type
      Bibliography RRII Library RRII Library Agronomy 09/04/2014 Bibliography STAF